00970nam a2200217 u 450000500170000000800410001704000270005804100080008504400070009308200170010024500560011726000740017330000880024765000480033565000610038365000810044470000240052594200150054999900170056495201710058120160503172320.0160503b2015 ke ad |r|||| 00| 0 eng d aCO-BoIAVH cCO-BoIAVH 0 aeng ake04a304.25bG94p00aGuiding principles for city climate action planning aNairobi (Kenia) :bUnited Nations Human Settlements Programme,c2015. a22 páginas :bilustraciones a color y gráficas a color ;c26 x 20 centímetros16aCambio climáticovGuías, manuales, etc.26aCambio climáticovGuías, manuales, etc.xestrategias26aMedio ambientevGuías, manuales, etc.xmitigación del cambio climático1 aOsanjo, Tomeeditor 2ddccLIBRO c18448d18448 00102ddc40708GENERALIINV2017aBogotabBogotad2016-05-03eInstitutog39000.00l0oLB-304.25 G94pp040097r2016-05-03 00:00:00tEj. 1w2016-05-03xDonacionyLIBRO